| 000 | 00453nam a22001457a 4500 | ||
|---|---|---|---|
| 999 |
_c6042 _d6042 |
||
| 008 | 180227b xxu||||| |||| 00| 0 eng d | ||
| 020 | _a0-19-569837-1 | ||
| 082 | _a658 BHA | ||
| 100 | _aBhattacharyya Kumar Dipak | ||
| 245 |
_aCompesation Management _cDipak Kumar Bhattacharyya _hEnglish |
||
| 260 |
_aNew Delhi _bOxford University Press _c2009 |
||
| 300 |
_a448P _bIli charts and tables _c24cm |
||
| 650 | _2Compensatiom Management | ||
| 942 |
_2ddc _cBOOKS |
||